Wirtschaftsstil und Wirtschaftsentwicklung : eine Studie zur Geschichte der Agrarstruktur des Konigreiches Neapel 1815-1860

Saved in:
Bibliographic Details
Main Author: Preissl, Brigitte 1953-
Format: Book
Language:German
Published: Frankfurt am Main : New York : Peter Lang, 1985
Series:Europaische Hochschulschriften. Geschichte und ihre Hilfswissenschaften ; ; 259; Reihe III
Subjects:
Tags: Add Tag
No Tags, Be the first to tag this record!

MARC

LEADER 00000cam a2200000 i 4500
001 1/7002
008 000619s1985 ger d
020 |a 3820481982 
035 |l 10062131 
040 |a GR-MY-UA  |b gre  |e aacr 
041 0 |a ger 
082 0 |a 338.1094573 
100 1 |a Preissl, Brigitte  |d 1953- 
245 1 0 |a Wirtschaftsstil und Wirtschaftsentwicklung :  |b eine Studie zur Geschichte der Agrarstruktur des Konigreiches Neapel 1815-1860 /  |c Brigitte Preissl 
260 |a Frankfurt am Main :   |a New York :   |b Peter Lang,   |c 1985 
300 |a 463 p. 
490 1 |a Europaische Hochschulschriften. Geschichte und ihre Hilfswissenschaften  |v ; 259; Reihe III 
504 |a Bibliography: p. 426-442 
650 0 0 |a Agriculture  |z Italy  |x History. 
650 0 0 |a Agriculture  |z Italy  |z Naples (Kingdom)  |x History. 
651 0 |a Naples (Kingdom)  |x History  |y 1735-1861. 
830 0 |a Europaische Hochschulschriften. Geschichte und ihre Hilfswissenschaften ;  |v ; 259; Reihe III 
852 |a INST  |b LESVOS  |e 20000619  |h 338.1094573 PRE  |p 005100023314  |q 005100023314  |t BK  |y 0 
909 |a Λ  |b 035050 
970 |z 2000/06/ΟΙΚΟΝΟΜΟΠΟΥΛΟΥ ΧΡΙΣΤΙΝΑ